LEADER 01015nam a2200205 i 4500 001 000000231712 003 CaOOAMICUS 005 20140808000000.0 008 140808s1872 it u000 u fre u 013 $a210615 040 $aSeMil$bita 100 1 $aMichaud, Eugène <1839-1917>.$0(OLS)http://semarc/name/22774 245 10$aProgramme de réforme de l'église d'Occident :$bproposé aux anciens catholiques et aux autres communions chrétiennes /$cpar M. l'abbé E. Michaud. 260 $aParis :$bSandoz et Fischbacher,$c1872. 300 $a192 p. ;$c18 cm. 650 4$aChiesa cattolica - Controversie - Sec. 19.-20.$0(OLS)http://semarc/subject/707 850 $aSeMil 852 $aSeMil$W1$xVenegono$y1$m2X I 26 FA$j182058$B182058$CSeMilBibl$Z2$F193093 $8I 996 $6245$aProgramme de réforme de l'église d'Occident :$bproposé aux anciens catholiques et aux autres communions chrétiennes$9(OLS)http://semarc/title/330796 996 $6260$aParis :$bSandoz et Fischbacher$9(OLS)http://semarc/publisher/40249 LEADER 00926nas a2200241 i 4500 001 000000239205 003 CaOOAMICUS 005 20150223000000.0 008 150223b2002 xxuuu u0 0eng r 013 $a218110 040 $aSeMil$bita 245 10$a2002. 260 $aCambridge (Massachusetts) :$bWeston Jesuit School of Theology,$ccopyr. 2002. 300 $avi, 644 p. ;$c23 cm. 773 0 $tNew Testament Abstracts.$dCambridge (Massachusetts) : Weston Jesuit School of Theology $x0028-6877$w()2514 774 0 $t2002 : 1.$w()284699 774 0 $t2002 : 2.$w()284700 774 0 $t2002 : 3.$w()284701 850 $aSeMil 852 $aSeMil$W1$xVenegono$y1$m74 5 42$j189551$B189551$CSeMilBibl$Z2$F200354 $85 961 $aCambio: Scuola Cattolica 996 $6245$a2002$9(OLS)http://semarc/title/142851 996 $6260$aCambridge (Massachusetts) :$bWeston Jesuit School of Theology$9(OLS)http://semarc/publisher/30772